| 000 | 01879nam0a2200361 4500 | ||
|---|---|---|---|
| 001 | RU\NLR\BIBL_A\022093430 | ||
| 005 | 20240202161536.0 | ||
| 010 |
_a978-5-8430-0270-1 _9300 |
||
| 021 |
_aRU _bКН-П-23-070138 _9КН-П-23-7111 |
||
| 035 | _a(NLR Aleph) 022093430 | ||
| 090 |
_a12723878 _c12723878 |
||
| 100 | _a20231211d2023 u y0rusy50 ca | ||
| 101 | 0 | _arus | |
| 102 | _aRU | ||
| 105 | _aachbz 000yy | ||
| 181 | 0 |
_ai3 _baxxe |
|
| 181 | 0 |
_ab2 _bxb2e |
|
| 182 | 0 | _an | |
| 200 | 1 |
_aПетрозаводск. Сентябрь 1941 года _fИ. Ю. Герасёв _gОбщероссийское общественное движение по увековечению памяти погибших при защите Отечества "Поисковое движение России", Карельский региональный общественный фонд содействия увековечению памяти погибших при защите Отечества "Эстафета поколений" |
|
| 203 |
_aТекст _aИзображение _bвизуальные _cнепосредственные |
||
| 205 | _aИзд. 2-е, доп. | ||
| 210 |
_aПетрозаводск _cПетропресс _d2023 |
||
| 215 |
_a191, [1] с. _cил., цв. ил., портр., факс., карты, табл. _d21 |
||
| 320 | _aБиблиогр.: с. 189-190 и в подстроч. примеч. | ||
| 333 | _a12+ | ||
| 606 | 1 |
_aВеликая Отечественная война _yПетрозаводск, город (Карелия) _z1941 - 1945 _92404620 _3RU\NLR\AUTH\661433145 |
|
| 686 | 1 | _aТ3(2)722.9-9(2Р-6Кар-2П) | |
| 686 | 1 | _aЦ35(2)722(2Р-6Кар-2П) | |
| 700 | 1 |
_aГерасёв _bИ. Ю. _gИлья Юрьевич |
|
| 942 | _cBOOK | ||
| 980 | _aNB | ||